000
00287 a2200121 4500
001
64365
082
_a
510 VAN
090
_c
37996
_d
37996
100
_a
Vannatta G.D
245
_a
Advanced high school Mathematics
260
_a
Ohio
_b
Charles E. Merrill Books Inc
_c
1961
300
_a
420
942
_a
NUST-CAE
_k
510 VAN
999
_c
299438
_d
299438